| 000 | 00883nas a2200289 4500 | ||
|---|---|---|---|
| 001 | BR0603437 | ||
| 003 | BR-BrBNA | ||
| 005 | 20231205110222.0 | ||
| 007 | ta | ||
| 008 | 230509b bl.|||p| |||| 00| 00por d | ||
| 040 |
_aBR-BrBNA _bpor _cBiblioteca Nacional de Agricultura |
||
| 041 | _a(Pt) | ||
| 072 | _aE16 | ||
| 100 | 1 | _aKreuz, C.L. | |
| 100 | 1 | _aSouza, A. | |
| 100 | 1 | _aPetri, J.L. | |
| 245 | 1 | _aImpacto da intensificação da densidade de plantio na rentabilidade em duas cultivares de macieira em Fraiburgo-SC | |
| 650 | _aMAÇÃ | ||
| 650 | _aCUSTO DE PRODUÇÃO | ||
| 650 | _aRENTABILIDADE | ||
| 650 | _aAGRONEGÓCIO | ||
| 650 | _aPREÇO | ||
| 650 | _aSANTA CATARINA | ||
| 773 | 0 |
_tRevista Brasileira de Fruticultura (Brazil) _xISSN 0100-2945 _g(Aug 2006), v. 28(2) p. 240-243 _wBR0603437 |
|
| 909 |
_a202311 _bLúcia _c55 _dLúcia Elande |
||
| 942 |
_2AGRIS _n0 _cANA |
||
| 999 |
_c186552 _d186552 |
||